LEADER 01560nam 2200337Ia 450 001 996387791903316 005 20200824132010.0 035 $a(CKB)4940000000086372 035 $a(EEBO)2240887568 035 $a(OCoLC)ocm45578522e 035 $a(OCoLC)45578522 035 $a(EXLCZ)994940000000086372 100 $a20001215d1653 uy 0 101 0 $aeng 135 $aurbn||||a|bb| 200 00$aWitnesses produced against Mr. John Shaw of Hull$b[electronic resource] $eattesting the publike charge against him, and much more. As, to be [brace] a notable turncoat and time-server; most scandalous in his actions; an enemy to good men; and a disquieter of the peace of the place, &c. Serving for the undeceiving of some, informing of others, and satisfying of all, as to the condition of the aforesaid M. Shaw. /$fBy One who hopes and waits, to see corrupt men, and unjust things, less countenanced, and more suppressed 210 $aPrinted at London, $c[s.n.]$d1653 215 $a[2], 14 p 300 $aReproduction of original in the Sutro Library. 330 $aeebo-0111 606 $aPuritans$xClergy 607 $aHull (England)$xReligion$y17th century 615 0$aPuritans$xClergy. 701 $aOne who hopes and waits$b to see corrupt men, and unjust things, less countenanced, and more suppressed$01017811 701 $aShawe$b John$f1608-1672.$01011584 801 0$bEAE 801 1$bEAE 906 $aBOOK 912 $a996387791903316 996 $aWitnesses produced against Mr. John Shaw of Hull$92389970 997 $aUNISA LEADER 03287nam 2200649Ia 450 001 9910830614303321 005 20170815162646.0 010 $a1-118-21631-8 010 $a1-282-27844-4 010 $a9786612278440 010 $a0-470-45159-9 010 $a0-470-45158-0 035 $a(CKB)1000000000790494 035 $a(EBL)456129 035 $a(OCoLC)609844803 035 $a(SSID)ssj0000354831 035 $a(PQKBManifestationID)11267501 035 $a(PQKBTitleCode)TC0000354831 035 $a(PQKBWorkID)10335783 035 $a(PQKB)11277574 035 $a(MiAaPQ)EBC456129 035 $a(PPN)186205406 035 $a(EXLCZ)991000000000790494 100 $a20090220d2009 uy 0 101 0 $aeng 135 $aur|n|---||||| 181 $ctxt 182 $cc 183 $acr 200 10$aThermodynamics for the practicing engineer$b[electronic resource] /$fLouis Theodore, Francesco Ricci, Timothy Van Vliet 210 $aHoboken $cWiley$dc2009 215 $a1 online resource (434 p.) 225 1 $aEssential Engineering Calculations Series ;$vv.9 300 $aDescription based upon print version of record. 311 $a0-470-44468-1 320 $aIncludes bibliographical references and index. 327 $aThermodynamics for the Practicing Engineer; Contents; Preface; Part I INTRODUCTION; 1. Basic Calculations; 2. Process Variables; 3. Gas Laws; 4. Conservation Laws; 5. Stoichiometry; 6. The Second Law of Thermodynamics; Part II ENTHALPY EFFECTS; 7. Sensible Enthalpy Effects; 8. Latent Enthalpy Effects; 9. Enthalpy of Mixing Effects; 10. Chemical Reaction Enthalpy Effects; Part III EQUILIBRIUM THERMODYNAMICS; 11. Phase Equilibrium Principles; 12. Vapor-Liquid Equilibrium Calculations; 13. Chemical Reaction Equilibrium Principles; 14. Chemical Reaction Equilibrium Applications 327 $aPart IV OTHER TOPICS15. Economic Considerations; 16. Open-Ended Problems; 17. Other ABET Topics; 18. Fuel Options; 19. Exergy: The Concept of "Quality Energy"; Appendix; I. Steam Tables; II. SI Units; III. Conversion Constants; IV. Selected Common Abbreviations; References; Index 330 $aThis book concentrates specifically on the applications of thermodynamics, rather than the theory. It addresses both technical and pragmatic problems in the field, and covers such topics as enthalpy effects, equilibrium thermodynamics, non-ideal thermodynamics and energy conversion applications. Providing the reader with a working knowledge of the principles of thermodynamics, as well as experience in their application, it stands alone as an easy-to-follow self-teaching aid to practical applications and contains worked examples. 410 0$aEssential Engineering Calculations Series 606 $aThermodynamics 606 $aEnergy conversion 615 0$aThermodynamics. 615 0$aEnergy conversion. 676 $a621.402/1 676 $a621.4021 676 $a660.28427 700 $aTheodore$b Louis$0338019 701 $aRicci$b Francesco$0228128 701 $aVan Vliet$b Timothy$01657656 801 0$bMiAaPQ 801 1$bMiAaPQ 801 2$bMiAaPQ 906 $aBOOK 912 $a9910830614303321 996 $aThermodynamics for the practicing engineer$94011190 997 $aUNINA